=LDR 00000nam 2200000 4500 =001 INLIS000000000025617 =005 20210607103021 =035 ##$$a 0010-061300000025617 =008 210607################g##########0#ind## =041 ##$$a Ind =082 ##$$a 342.991 =090 ##$$a 342, Ism p =100 #$$a Ismaun =245 1#$$a Pancasila sebagai keperibadian bangsa /$c Ismaun =260 ##$$a Bandung :$b Carya Remadja,$c 1945 =300 ##$$a 129 hlm ; $c 21x14 cm =650 #4$$a Pancasila =850 ##$$a NBPNMAT =084 ##$$a 342.991 ISM p =250 ##$$a cet.1 =990 ##$$a 00052091